| 000 | 00375nam a22001577a 4500 | ||
|---|---|---|---|
| 005 | 20250210121516.0 | ||
| 006 | a|||||r|||| 00| 0 | ||
| 007 | ta | ||
| 008 | 250210b1977 ||||||||o|||| 00| 0 eng d | ||
| 040 | _aAR-EsCIE | ||
| 245 | 1 | 0 | _aEnviromental management |
| 300 | _a v. | ||
| 856 | _uhttps://link.springer.com/journal/267 | ||
| 910 | _aPG20250210 | ||
| 942 |
_2ddc _cCF _n0 |
||
| 999 |
_c214 _d214 |
||